तुम्म्हारा सुख (Record no. 1019270)

MARC details
000 -LEADER
fixed length control field 00916nam a2200241Ia 4500
003 - CONTROL NUMBER IDENTIFIER
control field OSt
005 - DATE AND TIME OF LATEST TRANSACTION
control field 20251208114248.0
008 - FIXED-LENGTH DATA ELEMENTS--GENERAL INFORMATION
fixed length control field 221004b |||||||| |||| 00| 0 hin d
020 ## - INTERNATIONAL STANDARD BOOK NUMBER
International Standard Book Number 8126310995 (hbk)
037 ## - SOURCE OF ACQUISITION
Terms of availability TB
040 ## - CATALOGING SOURCE
Original cataloging agency CRL
Transcribing agency CRL
Language of cataloging hin
041 ## - LANGUAGE CODE
Source of code hin
Language code of text/sound track or separate title hin
084 ## - COLON CLASSIFICATION NUMBER
Classification number O152,3N478,TS P4
Assigning agency AL
100 ## - MAIN ENTRY--PERSONAL NAME
Personal name राजकिशोर
9 (RLIN) 855138
245 #0 - TITLE STATEMENT
Title तुम्म्हारा सुख
246 ## - VARYING FORM OF TITLE
Title proper/short title Tummhārā sukha
260 ## - PUBLICATION, DISTRIBUTION, ETC.
Place of publication, distribution, etc. नई दिल्ली,भारत:
Name of publisher, distributor, etc. भारतीय ज्ञानपीठ भारत,
Date of publication, distribution, etc. 2004.
300 ## - PHYSICAL DESCRIPTION
Extent 144पृ0
Dimensions cm.
490 ## - SERIES STATEMENT
Series statement लोकोदय ग्रन्थमाला; ग्रन्थांक 587
650 ## - SUBJECT ADDED ENTRY--TOPICAL TERM
Topical term or geographic name entry element हिन्दी साहित्य
9 (RLIN) 855139
942 ## - ADDED ENTRY ELEMENTS (KOHA)
Classification part O152,3N478,TS, P4
Koha item type Textbook
Source of classification or shelving scheme
Suppress in OPAC No
Holdings
Withdrawn status Lost status Source of classification or shelving scheme Damaged status Not for loan Home library Current library Date acquired Source of acquisition Cost, normal purchase price Total Checkouts Full call number Barcode Date last seen Cost, replacement price Price effective from Koha item type
    Colon Classification (CC)     Central Library Central Library 2022-10-05 253, 24/10/2013, Swaraj Prakashan 200.00   O152,3N478,TS P4 CL1564500 2022-10-05 200.00 2022-10-05 Textbook
Copyright @ Delhi University Library System